000 00561nmm a2200169Ia 4500
008 251105s9999||||xx |||||||||||||||||und||
020 _a9788499210285
041 _aspa
100 _aCruz Piñol, Mar
245 0 _aEnseñar español en la era de internet : la www y la enseñanza del español como lengua extranjera
264 _a[Madrid, España] :
_bOctaedro,
_c2009
300 _a176 páginas
490 _aRecursos Octaedro
650 _aELE (Español como lengua extranjera)
856 _uhttps://public.digitaliapublishing.com/a/14660
942 _cCF
999 _c92466
_d92466